An atlas of Soviet affairs :

Shranjeno v:
Bibliografske podrobnosti
Glavni avtor: Taaffe, Robert N.
Format: Knjiga
Jezik:Undetermined
Izdano: London Methuen 1965
Teme:
Oznake: Označite
Brez oznak, prvi označite!
Thư viện lưu trữ: Trung tâm Học liệu Trường Đại học Cần Thơ
LEADER 00520nam a2200193Ia 4500
001 CTU_87930
008 210402s9999 xx 000 0 und d
082 |a 912.47 
082 |b T111 
100 |a Taaffe, Robert N. 
245 3 |a An atlas of Soviet affairs : 
245 0 |c Robert N. Taaffe, Robert C. Kingsbury 
260 |a London 
260 |b Methuen 
260 |c 1965 
650 |a Russia,Russia 
650 |x Economic conditions 
904 |i Nguyên 
980 |a Trung tâm Học liệu Trường Đại học Cần Thơ